000 00838nmm a2200277 a 4500
001 ocm0001349942
003 TR-IsHL
005 20201028161045.0
008 161016s2015 tu tur
007 cr cn
020 _a9786051629315
035 _a1349942
_b(N$T)
050 0 4 _aPL248.S83
_bK4
090 0 4 _aPL248.S83
_bK4
100 1 _aSuavi, Cüneyd
245 1 0 _aKesilen gitar
_h[electronic resource] /
_cCüneyd Suavi
250 _a8. basım
260 _aİstanbul :
_bNesil Yayınları,
_c2015
300 _a247 p.
650 4 _aDil ve Edebiyat
650 4 _aLanguage and Literature
650 0 _aTürk anıları
650 0 _aTurkish memories
650 7 _aLITERARY COLLECTIONS / Middle Eastern
_2bisacsh
856 4 0 _uhttp://search.ebscohost.com/login.aspx?direct=true&scope=site&db=e011xww&AN=1349942
999 _c13921
_d13921